000 00454nam a2200169Ia 4500
003 SGT
020 _a9788120343016
082 _a621.395
_bPED
100 _aPedroni, Volnei A.
245 _aCircuit design and simulation with VHDL
250 _a2nd Ed.
260 _bPHI Learning Private Limited
_aNew Delhi
_c2011
300 _aV.p.
650 _aELECTRONIC ENGINEERING
653 _aCIRCUIT-LEVEL VHDL, CODE STRUCTURE, DATA TYPES,
942 _2ddc
_cBK
999 _c5482
_d5482